000 01597ngm a2200373 4500
999 _c19836
_d19836
003 dpl
005 20181218133129.0
007 DVD
008 ||||||sp199 xxu|||||c ||| 00| 0 ng d
010 _aDVD-001485-1487 & DVD-005019-5024
024 _aSHE DVD 188
_c199.00
035 _aDVD-001485-1487
035 _aDVD-005019-5024
040 _aDPL
_cDPL
082 _aDVD / MRAN
245 _aMr. And Mrs. Iyer
_cTriplecom Media Presents
_h[videorecording] DVD/
260 _bShemaroo Video Pvt. Ltd.
300 _a1 videodisc DVD; (126 min.) :
_bsd., col. ;
_c4 3/4 in.
_fDVD
440 _aShemaroo Home Entertainment
500 _aDigitally Re-Mastered From the Original Film
500 _aNational Award Winner Best Director, Best Screenplay, Best Actress, Best Film on National Integration International Awards NETPAC Awards for the Best Asian Film and Junior Jury Second Prize for the Best Director Hawaiian Bank Golden Maile Award for Best Feature
538 _aDolby Digital 5.1 - Hindi Subtitles: English
538 _aAnamorphic Wide Screen Format, Presented 2:35.1 Aspect Ratio Enhancaead for 16:9 Wide Screen
650 _aMotion Picture
700 _aSen, Aparna
700 _aHussain, Zakir
700 _aBose, Rahul
700 _aSen Sharma, Konkana
700 _aChauhan, Esha
700 _aSikri, Surekha
942 _cCF
_2ddc
_hDVD
_mMRAN